En sevdiği güneşti (Record no. 4810)

MARC details
000 -BAŞLIK
Sabit Uzunlukta Kontrol Alanı 00940na a2200301 4500
001 - KONTROL NUMARASI
Denetim Alanı 14936
003 - KONTROL NUMARASI IDENTIFIER
Denetim Alanı MIRAKIL
005 - SON İŞLEM TARİHİ VE ZAMANI
Denetim Alanı 20181213155019.0
008 - SABİT-BOY VERİ ELEMANLARI - GENEL BİLGİLER
Sabit Uzunlukta Kontrol Alanı 161028b tu 000 0
020 ## - ULUSLARARASI STANDART KİTAP NUMARASI
Uluslararası Standart Kitap Numarası 9758584123
035 ## - SİSTEM KONTROL NUMARASI
Sistem Kontrol Numarası 14936
040 ## - KATALOGLAMA KAYNAK
Orijinal Kataloglama Ajansı Milas
Kataloglama Dili tur
Metne Dönüştürmek Ajansı TR-AnCHP
041 ## - DİL KODU
Metin / Ses Parça Veya Ayrı Başlığın Dil Kodu tur
082 ## - DEWEY ONLU SINIFLANDIRMA NUMARASI
Sınıflandırma Numarası CHP 923.2 Baykam,S.
Ürün Numarası G95e 2004
090 ## - SINIFLAMA NUMARASI
Sınıflama Numarası CHP 923.2 Baykam,S. G95e 2004
100 ## - ANA GİRİŞ - KİŞİSEL İSİM
Kişisel Ad Gündüz, Alptekin
245 ## - BAŞLIK TABLOSU
Başlık En sevdiği güneşti
Başlığın Kalan Dr.Suphi Baykam'ın fırtınalı yaşamı
Sorumluluk Tablosu, Vb Alptekin Gündüz
246 ## - UNVAN FORM VARYING
Başlık Doğru / Kısa Başlığı Dr. Suphi Baykam'ın fırtınalı yaşamı
250 ## - EDITION TABLOSU
Baskı Beyanı 3. bs.
260 ## - YAYIN, DAĞITIM, VB
Yayın, Dağıtım, Vb Yeri İstanbul
Yayıncı, Dağıtıcı, Vs Adı Piramid Yayıncılık
Yayın, Dağıtım, Vb Tarihi 2004
300 ## - FİZİKSEL TANIM
Kapsam 515 s.
Diğer Fiziksel Ayrıntıları res.
Boyutlar 24 sm.
504 ## - KAYNAKÇA VB NOT
Kaynakça Vb Notu Kaynakça ve dizin var.
600 ## - KONU KATMA GİRİŞ - KURUMSAL ADI
Kişisel Ad Baykam,Suphi
Genel Alt Bölümü Anılar
600 ## - KONU KATMA GİRİŞ - KURUMSAL ADI
Kişisel Ad Baykam,Suphi
Başlıklar Ve Bir Adla İlişkili Diğer Kelimeler Dr.
Bir Adıyla İlişkilendirilen Tarihler 1924 - 1996
Genel Alt Bölümü Yaşamöyküsü
610 ## - KONU KATMA GİRİŞ - TOPLANTI ADI
Giriş Elemanı Olarak Kurumsal Ad Veya Yargı Alanı Adı CHP
Genel Alt Bölüm Milletvekilleri
Kronolojik Alt Bölüm Anılar
650 ## - KONU KATMA GİRİŞ - TOPİKAL DÖNEM
Topikal Süreli Veya Coğrafi Ad Giriş Elemanı Sosyal demokratlar
Coğrafi Alt Bölümü Türkiye
942 ## - EKLENDİ GİRİŞ ELEMANLARI (KOHA)
Sınıflandırma Veya Raf Düzeni Kaynak
Koha Öğesi Türü Books
999 ## - SİSTEM KONTROL NUMARALARI (KOHA)
Koha Biblionumber 4810
Koha Biblioitemnumber 4810
Holdings
Kalıcı Konum Mevcut Konum Edinme Tarihi Edinim Kaynak Toplam Check-Out'Lar Tam Çağrı Numarası Barkod Tarih Son Görülme Kopya Sayısı İtibaren Geçerli Fiyatlar Koha Öğesi Türü
CHP Kütüphanesi CHP Kütüphanesi 06/30/2017 Bağış   CHP 923.2 Baykam,S. G95e 2004 001807 06/30/2017 k.2 06/30/2017 Books
CHP Kütüphanesi CHP Kütüphanesi 09/02/2016 Bağış   CHP 923.2 Baykam,S. G95e 2004 003209 09/02/2016   09/02/2016 Books
CHP Kütüphanesi CHP Kütüphanesi 06/30/2017 Bağış   CHP 923.2 Baykam,S. G95e 2004 017138 06/30/2017 k.3 06/30/2017 Books